Good muslim, bad muslim: islam, the USA, and the global war against terror (Record no. 4358)
[ view plain ]
| 000 -LEADER | |
|---|---|
| fixed length control field | 00535nam a2200169Ia 4500 |
| 020 ## - INTERNATIONAL STANDARD BOOK NUMBER | |
| ISBN | 81-7824-111-0 |
| 082 ## - DEWEY DECIMAL CLASSIFICATION NUMBER | |
| Classification number | 297 MAM-G |
| 100 ## - MAIN ENTRY--AUTHOR NAME | |
| Personal name | Mamdani, Mahmood |
| 245 #0 - TITLE STATEMENT | |
| Title | Good muslim, bad muslim: islam, the USA, and the global war against terror |
| 260 ## - PUBLICATION, DISTRIBUTION, ETC. (IMPRINT) | |
| Place of publication | Delhi |
| Name of publisher | Permanent Black |
| Year of publication | 2005 |
| 650 ## - SUBJECT ADDED ENTRY--TOPICAL TERM | |
| Topical Term | Islam and politics |
| Form subdivision | History |
| 650 ## - SUBJECT ADDED ENTRY--TOPICAL TERM | |
| Topical Term | Afghanistan |
| Form subdivision | Foreign relations |
| Geographic subdivision | United States |
| 650 ## - SUBJECT ADDED ENTRY--TOPICAL TERM | |
| Topical Term | United States |
| Form subdivision | Foreign relations |
| Geographic subdivision | Afghanistan |
| 650 ## - SUBJECT ADDED ENTRY--TOPICAL TERM | |
| Topical Term | Terrorism |
| Form subdivision | Political aspects |
| 650 ## - SUBJECT ADDED ENTRY--TOPICAL TERM | |
| Topical Term | Cold war |
| 942 ## - ADDED ENTRY ELEMENTS (KOHA) | |
| Koha item type | Books |
| Withdrawn status | Lost status | Damaged status | Not for loan | Home library | Current library | Date acquired | Source of acquisition | Bill Date | Full call number | Accession Number | Price effective from | Koha item type |
|---|---|---|---|---|---|---|---|---|---|---|---|---|
| NASSDOC Library | NASSDOC Library | 06/10/2005 | SAMS | 2005-09-27 | 297 MAM-G | 41008 | 18/04/2019 | Books |
